000
00311nam a22001217a 4500
999
_c
113838
_d
113838
005
20190725144406.0
008
190725b ||||| |||| 00| 0 eng d
082
_a
345 KAZ
245
_a
Criminal justice and forensic science
300
_a
266p
650
_z
Criminal law
_z
Crime - Deviance
942
_2
ddc
_c
REP